[Event "EUROPA CUP 2010"]
[Site "SchemingMind.com"]
[Date "2010.05.17"]
[Round "-"]
[White "e_castle3"]
[Black "capablanca"]
[Result "1/2-1/2"]
[WhiteCountry "PHI"]
[BlackCountry "GER"]
[WhiteElo "1799"]
[WhiteRD "70"]
[BlackElo "1712"]
[BlackRD "54"]
[GameID "248995"]

1. f4 d5 2. Nf3 f5 3. e3 Nf6 4. Be2 e6 5. O-O Be7 6. d4 Nbd7 7. Ne5 O-O 8. Nd2 Nxe5 9. fxe5 Ne4 10. Nxe4 fxe4
11. Bd2 Bd7 12. Qe1 Rxf1+ 13. Bxf1 Qf8 14. Qg3 Qf5 15. Be2 Rf8 16. Rf1 Qg5 17. Rxf8+ Kxf8 18. Qf4+ Qxf4 19. exf4 c5 20. c3 c4
21. Kf2 Ba4 22. Bg4 Kf7 23. f5 Bd7 24. fxe6+ Bxe6 25. Bxe6+ Kxe6 26. Kg3 Kf5 27. b3 b5 28. h3 a5 29. Kf2 h5=
1/2-1/2

[Event "EUROPA CUP 2010"]
[Site "SchemingMind.com"]
[Date "2010.05.20"]
[Round "-"]
[White "Olli Ylönen"]
[Black "chesshub"]
[Result "0-1"]
[WhiteCountry "FIN"]
[BlackCountry "FRA"]
[WhiteElo "1451"]
[WhiteRD "51"]
[BlackElo "2441"]
[BlackRD "75"]
[GameID "249000"]

1. e4 e5 2. Nf3 Nc6 3. Bb5 a6 4. Ba4 Nf6 5. Nc3 b5 6. Bb3 Be7 7. d3 d6 8. Nd5 Na5 9. Nxe7 Qxe7 10. O-O O-O
11. Bg5 h6 12. Bh4 Bb7 13. Nd2 Rae8 14. Bxf6 Qxf6 15. Bd5 Bxd5 16. exd5 c5 17. dxc6 Nxc6 18. c4 Qg6 19. cxb5 axb5 20. Re1 Nb4
21. d4 Nc2 22. dxe5 Nxa1 23. exd6 Rxe1+ 24. Qxe1 Qxd6 25. Qxa1 Qxd2
0-1

[Event "EUROPA CUP 2010"]
[Site "SchemingMind.com"]
[Date "2010.05.17"]
[Round "-"]
[White "swarupsawant"]
[Black "marks"]
[Result "1-0"]
[WhiteCountry "IND"]
[BlackCountry "PHI"]
[WhiteElo "1509"]
[WhiteRD "105"]
[BlackElo "1683"]
[BlackRD "114"]
[GameID "249009"]

1. e4 e5 2. Nf3 Nf6 3. Nc3 Bc5 4. Bc4 d6 5. d4 exd4 6. Nxd4 Bxd4 7. Qxd4 Nc6 8. Qd1 Ne5 9. Bb3 h6 10. Bf4 Ng6
11. Bg3 Bd7 12. O-O O-O 13. f4 Ng4 14. Qe2 Qc8 15. f5 N6e5 16. h3 Nf6 17. Bxe5 dxe5 18. Rad1 Bc6 19. Qe3 b6 20. Nd5 Nxd5
21. exd5 Bd7 22. Qxe5 Re8 23. Qf4 Re2 24. Qf3 Qa6 25. Qg3 Rae8 26. f6 g6 27. d6 cxd6 28. Qxg6+
1-0

[Event "EUROPA CUP 2010"]
[Site "SchemingMind.com"]
[Date "2010.05.17"]
[Round "-"]
[White "Hussar"]
[Black "Erik Johnson"]
[Result "0-1"]
[WhiteCountry "POL"]
[BlackCountry "USA"]
[WhiteElo "1509"]
[WhiteRD "79"]
[BlackElo "1716"]
[BlackRD "80"]
[GameID "249013"]

1. e4 d5 2. exd5 Qxd5 3. Nc3 Qa5 4. d4 c6 5. Bf4 e6 6. Bxb8 Rxb8 7. Nf3 Bb4 8. Qd3 Bxc3+ 9. Qxc3 Qxc3+ 10. bxc3 Nf6
11. Bd3 Nd5 12. c4 Nf4 13. O-O Nxd3 14. cxd3 O-O 15. Rfe1 Rd8 16. Rab1 b6 17. a4 Ba6 18. Ne5 Rbc8 19. a5 b5 20. d5 exd5
21. Re3 bxc4 22. dxc4 dxc4 23. Rc3 Rb8 24. Rbc1 Bb5 25. Nxc4 Rd4 26. Ne5 Rbd8 27. h3 Rd1+ 28. Kh2 Rxc1 29. Rxc1 Rc8 30. Kg3 c5
31. Kf4 c4 32. Ke4 c3 33. Kd4 f6 34. Nd3 Rd8+ 35. Kxc3 Rxd3+ 36. Kb2 Rd2+ 37. Kb3 a6 38. Kb4 Rxf2 39. Kc5 Rxg2 40. Kd6 Kf7
41. Rc7+ Kg6 42. Ke6 Ra2 43. Ke7 Rd2 44. Ke6 Rd7 45. Rc5 Rd3 46. Rxb5 axb5 47. a6 Ra3 48. Kd6 b4 49. Kc5 b3 50. Kb6 b2
0-1

[Event "EUROPA CUP 2010"]
[Site "SchemingMind.com"]
[Date "2010.05.21"]
[Round "-"]
[White "Clive Everill"]
[Black "mmccaffe"]
[Result "0-1"]
[WhiteCountry "CZE"]
[BlackCountry "USA"]
[WhiteElo "1657"]
[WhiteRD "51"]
[BlackElo "1744"]
[BlackRD "59"]
[GameID "249014"]

1. e4 c5 2. Nf3 d6 3. d4 cxd4 4. Nxd4 Nf6 5. f3 a6 6. c4 g6 7. Bd3 Bg7 8. Bd2 Qb6 9. Bc3 Nc6 10. Nxc6 bxc6
11. Nd2 O-O 12. Nb3 Bd7 13. Bd4 Qc7 14. O-O c5 15. Bc3 Bc6 16. Re1 Nd7 17. Bxg7 Kxg7 18. f4 a5 19. Nd2 Qb7 20. b3 a4
21. Nf3 Ra6 22. Nh4 Rfa8 23. bxa4 Rxa4 24. Re2 Qa6 25. Qc2 Nb6 26. f5 Nxc4 27. Bxc4 Qxc4 28. Qxc4 Rxc4 29. Rae1 Rca4 30. e5 Rxh4
31. exd6 exd6 32. fxg6 hxg6 33. g3 Rha4 34. h4 Rxa2 35. g4 Rxe2 36. Rxe2 Ra1+ 37. Kf2 Rh1 38. Kg3 Rg1+ 39. Kf4 Rf1+ 40. Kg3 c4
41. Rc2 d5 42. Kg2 Rd1 43. h5 d4+ 44. Kf2 c3 45. Ke2 Rg1 46. hxg6 fxg6 47. Kd3 Rxg4 48. Ra2 Be4+ 49. Kc4 c2
0-1

[Event "EUROPA CUP 2010"]
[Site "SchemingMind.com"]
[Date "2010.05.17"]
[Round "-"]
[White "Jochen"]
[Black "pnwmusichound"]
[Result "1-0"]
[WhiteCountry "GBR"]
[BlackCountry "USA"]
[WhiteElo "1445"]
[WhiteRD "77"]
[BlackElo "1750"]
[BlackRD "91"]
[GameID "249016"]

1. Nf3 Nf6 2. e3 g6 3. Bb5 Bg7 4. O-O O-O 5. Nc3 c6 6. Be2 d5 7. b3 Bf5 8. Nh4 e6 9. Nxf5 exf5 10. d4 Nbd7
11. Ba3 Re8 12. Bd6 Rc8 13. Bf4 c5 14. Nb5 Rc6 15. Nxa7 Rce6 16. Nb5 Nh5 17. Bxh5 gxh5 18. Nc7 cxd4 19. exd4 Re4 20. Nxe8 Bxd4
21. Be3 Bxa1 22. Nd6 Be5 23. Nxe4 dxe4 24. Qxh5 f4 25. Qg4+ Kf8 26. Bxf4 Nf6 27. Bh6+ Ke7 28. Bg5 Ke8 29. Rd1 Bxh2+ 30. Kf1 Bd6
31. Qf5 Qd7 32. Qxf6 Be7 33. Qh8+ Bf8 34. Qe5+ Be7 35. Qb8+ Bd8 36. Qxd8+ Qxd8 37. Rxd8#
1-0

[Event "EUROPA CUP 2010"]
[Site "SchemingMind.com"]
[Date "2010.05.20"]
[Round "-"]
[White "mochiron"]
[Black "emvarela"]
[Result "0-1"]
[WhiteCountry "JPN"]
[BlackCountry "ARG"]
[WhiteElo "1478"]
[WhiteRD "93"]
[BlackElo "1754"]
[BlackRD "55"]
[GameID "249020"]

1. f4 d5 2. Nf3 Nc6 3. e3 Bg4 4. Be2 Nf6 5. O-O Bxf3 6. Bxf3 e5 7. fxe5 Nxe5 8. d4 Nxf3+ 9. Qxf3 Bd6 10. Nc3 c6
11. a3 Qc7 12. h3 O-O-O 13. b4 Rhe8 14. Bd2 Ne4 15. Nxe4 Rxe4 16. Qxf7 Re7 17. Qf3 g6 18. b5 Re4 19. Bb4 Bxb4 20. axb4 cxb5
21. Rxa7 Qe7 22. Ra8+ Kc7 23. Qg3+ Rd6 24. Rff8 Rxe3 25. Qg4 Re1+ 26. Kh2 Rde6 27. Rfe8 Qd6+ 28. g3 Rxe8 29. Rxe8 Rxe8 30. Qf4 Qxf4
31. gxf4 Re2+ 32. Kg3 Rxc2
0-1

[Event "EUROPA CUP 2010"]
[Site "SchemingMind.com"]
[Date "2010.05.17"]
[Round "-"]
[White "rodert48"]
[Black "PeterLiberty"]
[Result "1-0"]
[WhiteCountry "POL"]
[BlackCountry "USA"]
[WhiteElo "1888"]
[WhiteRD "112"]
[BlackElo "1471"]
[BlackRD "57"]
[GameID "249032"]

1. e4 c5 2. d4 cxd4 3. c3 dxc3 4. Nxc3 Nc6 5. Nf3 d6 6. Bc4 e6 7. O-O Be7 8. Qe2 Nf6 9. Rd1 e5 10. h3 O-O
11. Be3 Be6 12. Bxe6 fxe6 13. Rac1 Qd7 14. b4 Nxb4 15. Nxe5 Qe8 16. Nf3 d5 17. Ng5 dxe4 18. Nxe6 Rc8 19. Nxf8 Bxf8 20. Bxa7 Nc6
21. Be3 Ba3 22. Rb1 Nb4 23. Rb3 Nbd5 24. Nxd5 Nxd5 25. Rxd5 Bf8 26. Rxb7 Qc6 27. Rdd7 Ba3 28. Rxg7+ Kh8 29. Rxh7+ Kg8 30. Qg4+
1-0

[Event "EUROPA CUP 2010"]
[Site "SchemingMind.com"]
[Date "2010.05.21"]
[Round "-"]
[White "reo"]
[Black "Ulrich Klapp"]
[Result "1-0"]
[WhiteCountry "THA"]
[BlackCountry "GER"]
[WhiteElo "1804"]
[WhiteRD "81"]
[BlackElo "1402"]
[BlackRD "113"]
[GameID "249034"]

1. Nf3 Nf6 2. g3 d6 3. Bg2 e5 4. d3 Be7 5. O-O O-O 6. c4 Nbd7 7. Nc3 Nc5 8. b4 Ne6 9. e3 Bd7 10. a4 a6
11. Bb2 h6 12. Nd2 Ng5 13. b5 Nh3+ 14. Kh1 Bg4 15. Qb3 Rb8 16. a5 c6 17. Qa4 Qd7 18. Nde4 Nxe4 19. Nxe4 axb5 20. cxb5 cxb5
21. Qc2 Rbc8 22. Qd2 Rc7 23. Rfc1 Rfc8 24. Rxc7 Rxc7 25. Nc3 Rc6 26. Nd5 Qe6 27. e4 Bg5 28. f4 exf4 29. gxf4 Bxf4 30. Nxf4 Nxf4
31. Qxf4 f6 32. Bd4 Rc2 33. Rg1 Be2 34. Qg3 Rd2 35. Bf1 g5 36. Bxe2 Rxe2 37. Rf1 Rd2 38. Rxf6 Rd1+ 39. Kg2 Qa2+ 40. Bf2 b4
41. Qxd6 Rxd3 42. Qf8+ Kh7 43. Rxh6#
1-0

[Event "EUROPA CUP 2010"]
[Site "SchemingMind.com"]
[Date "2010.05.17"]
[Round "-"]
[White "chessleon"]
[Black "Lars"]
[Result "0-1"]
[WhiteCountry "NED"]
[BlackCountry "SWE"]
[WhiteElo "1492"]
[WhiteRD "77"]
[BlackElo "1577"]
[BlackRD "68"]
[GameID "249035"]

1. c4 e5 2. Nc3 Nf6 3. g3 b6 4. Bg2 Nc6 5. d3 Bb4 6. Qc2 O-O 7. Nf3 Bb7 8. Bd2 a5 9. a3 Bc5 10. e3 d5
11. cxd5 Nxd5 12. Nxd5 Qxd5 13. d4 exd4 14. e4 Qd7 15. Qd3 Rae8 16. O-O Qg4 17. h3 Qxe4 18. Qxe4 Rxe4 19. Ng5 Re2 20. Nf3 Ne7
21. Rfe1 Bxf3 22. Bxf3 Rxd2 23. Rab1 Bd6 24. Red1 Rxd1+ 25. Rxd1 c5 26. Re1 b5 27. Bd5 h6 28. Bc6 Nxc6 29. f4 b4 30. axb4 axb4
31. b3 Na5
0-1

[Event "EUROPA CUP 2010"]
[Site "SchemingMind.com"]
[Date "2010.05.18"]
[Round "-"]
[White "capablanca"]
[Black "e_castle3"]
[Result "1-0"]
[WhiteCountry "GER"]
[BlackCountry "PHI"]
[WhiteElo "1694"]
[WhiteRD "56"]
[BlackElo "1805"]
[BlackRD "72"]
[GameID "249038"]

1. e4 c6 2. d4 d5 3. Nc3 dxe4 4. Nxe4 Nf6 5. Nxf6+ exf6 6. Bf4 Bd6 7. Bxd6 Qxd6 8. Nf3 O-O 9. Be2 Re8 10. O-O Bg4
11. h3 Bh5 12. Re1 Nd7 13. c3 Nb6 14. Nd2 Bg6 15. Bf3 Re6 16. Qb3 Rae8 17. Rxe6 Rxe6 18. Nc4 Nxc4 19. Qxc4 Be4 20. Bxe4 Rxe4
21. Qd3 Qe7 22. Kf1 g5 23. Qd2 Kg7 24. Re1 Rxe1+ 25. Qxe1 Qxe1+ 26. Kxe1 f5 27. Ke2 Kf6 28. c4 Ke6 29. Ke3 h5 30. g3 a6
31. h4 f6 32. f4 g4 33. Kd3 Kd6 34. Kc3 b5 35. Kb4 bxc4 36. Kxc4 a5 37. b3 Kc7 38. Kc5 Kb7 39. a3 Kc7 40. b4 axb4
41. Kxb4 Kb6 42. a4 Kc7 43. Kc5 Kb7 44. d5 cxd5 45. Kxd5 Ka6 46. Ke6 Ka5 47. Kxf6 Kxa4 48. Kxf5 Kb5 49. Kg5
1-0

[Event "EUROPA CUP 2010"]
[Site "SchemingMind.com"]
[Date "2010.05.20"]
[Round "-"]
[White "chesshub"]
[Black "Olli Ylönen"]
[Result "1-0"]
[WhiteCountry "FRA"]
[BlackCountry "FIN"]
[WhiteElo "2441"]
[WhiteRD "75"]
[BlackElo "1451"]
[BlackRD "51"]
[GameID "249043"]

1. e4 c6 2. d4 d5 3. Nc3 dxe4 4. Nxe4 Bf5 5. Ng3 Bg6 6. h4 h6 7. Nf3 Nd7 8. h5 Bh7 9. Bd3 Bxd3 10. Qxd3 e6
11. Bf4 Qa5+ 12. Bd2 Bb4 13. c3 Be7 14. Ne4 Ngf6 15. Nxf6+ Nxf6 16. Ne5 Qc7 17. O-O-O O-O 18. g4 Bd6 19. g5 Bxe5 20. dxe5 Qxe5
21. gxh6 Nxh5 22. Rde1 Nf4 23. Qf3 Nd3+ 24. Qxd3 Rad8 25. Qc2 Qf6 26. hxg7
1-0

[Event "EUROPA CUP 2010"]
[Site "SchemingMind.com"]
[Date "2010.05.17"]
[Round "-"]
[White "marks"]
[Black "swarupsawant"]
[Result "0-1"]
[WhiteCountry "PHI"]
[BlackCountry "IND"]
[WhiteElo "1636"]
[WhiteRD "114"]
[BlackElo "1606"]
[BlackRD "74"]
[GameID "249052"]

1. d4 Nf6 2. Nf3 e6 3. Bf4 d5 4. Nc3 c5 5. e3 a6 6. a4 Nc6 7. Be2 cxd4 8. exd4 Bb4 9. O-O O-O 10. Qc1 Bxc3
11. bxc3 Ne4 12. Qb2 f6 13. Nd2 Nxd2 14. Bxd2 e5 15. a5 Qc7 16. c4 Nxd4 17. Bd1 Qxc4 18. Be3 Nc6 19. c3 Ne7 20. Be2 Qc6
21. Bd3 Be6 22. Rab1 Bc8 23. Qa3 Re8 24. Rb6 Qc7 25. Rfb1 Nc6 26. Qc5 Qd7 27. h3 f5 28. Bxf5 Qxf5 29. Qxd5+ Kh8 30. Rxb7 Bxb7
31. Rxb7 Qc8 32. Qf7 Rg8 33. Bc5 Nd8
0-1

[Event "EUROPA CUP 2010"]
[Site "SchemingMind.com"]
[Date "2010.05.17"]
[Round "-"]
[White "Erik Johnson"]
[Black "Hussar"]
[Result "0-1"]
[WhiteCountry "USA"]
[BlackCountry "POL"]
[WhiteElo "1700"]
[WhiteRD "81"]
[BlackElo "1551"]
[BlackRD "78"]
[GameID "249056"]

1. e4 e5 2. Nf3 Nc6 3. d4 Nf6 4. Bg5 Be7 5. Bxf6 Bxf6 6. dxe5 Nxe5 7. Nc3 O-O 8. Nd5 Nxf3+ 9. Qxf3 Bxb2 10. Rb1 Be5
11. Bd3 c6 12. Ne3 Qa5+ 13. Ke2 Bf6 14. Bc4 d5 15. Bb3 dxe4 16. Qxe4 Bd7 17. Rhd1 Rfe8 18. Qd3 Qh5+ 19. f3 Rad8 20. Kf2 Qxh2
21. Qc4 Be6 22. Rxd8 Rxd8 23. Qf1 Rd2+ 24. Ke1 Bc3 25. Bxe6 Qg3+
0-1

[Event "EUROPA CUP 2010"]
[Site "SchemingMind.com"]
[Date "2010.05.19"]
[Round "-"]
[White "mmccaffe"]
[Black "Clive Everill"]
[Result "0-1"]
[WhiteCountry "USA"]
[BlackCountry "CZE"]
[WhiteElo "1742"]
[WhiteRD "57"]
[BlackElo "1700"]
[BlackRD "53"]
[GameID "249057"]

1. e4 Nc6 2. Nf3 f5 3. exf5 d5 4. Bd3 Nb4 5. g4 Nf6 6. g5 Nxd3+ 7. cxd3 Nd7 8. Nc3 Nb6 9. f6 exf6 10. gxf6 Qxf6
11. Qe2+ Be7 12. O-O Bh3 13. Kh1 Bxf1
0-1

[Event "EUROPA CUP 2010"]
[Site "SchemingMind.com"]
[Date "2010.05.17"]
[Round "-"]
[White "pnwmusichound"]
[Black "Jochen"]
[Result "1-0"]
[WhiteCountry "USA"]
[BlackCountry "GBR"]
[WhiteElo "1793"]
[WhiteRD "91"]
[BlackElo "1367"]
[BlackRD "75"]
[GameID "249059"]

1. e4 Nc6 2. d4 e6 3. d5 Ne5 4. f4 Qe7 5. fxe5 b6 6. Nf3 Qb4+ 7. Nc3 Bb7 8. a3 Qe7 9. Nb5 Kd8 10. d6 cxd6
11. exd6 Qe8 12. Nc7 Bxd6 13. Nxe8 Bc5 14. Nd6 Bxd6 15. Qxd6 Nf6 16. Bg5 Bxe4 17. Ne5 Kc8 18. Bxf6 gxf6 19. Ba6+
1-0

[Event "EUROPA CUP 2010"]
[Site "SchemingMind.com"]
[Date "2010.05.17"]
[Round "-"]
[White "emvarela"]
[Black "mochiron"]
[Result "1-0"]
[WhiteCountry "ARG"]
[BlackCountry "JPN"]
[WhiteElo "1735"]
[WhiteRD "53"]
[BlackElo "1484"]
[BlackRD "71"]
[GameID "249063"]

1. e4 c6 2. d4 d5 3. Nc3 Nf6 4. exd5 cxd5 5. Bf4 Bf5 6. Bd3 e6 7. Nb5 Na6 8. Bxf5 exf5 9. Qe2+ Qe7 10. Nd6+ Kd7
11. Qxe7+ Bxe7 12. Nxf5 Bb4+ 13. c3 Rae8+ 14. Be3 g6 15. Ng3 Bd6 16. O-O-O Bxg3 17. hxg3 Rc8 18. Nf3 h6 19. Bxh6 Rhe8 20. Ne5+ Kc7
21. Nxf7 Ne4 22. Bf4+ Kb6 23. Rh6 Re6 24. Ne5 Nxf2 25. Rf1 Ne4 26. Rxg6 Rxg6 27. Nxg6 Kb5 28. Kc2 Nb4+ 29. Kb3 Nc6 30. a4+ Ka6
31. Ka3 Na5 32. Rc1 Nc4+ 33. Kb3 Ncd2+ 34. Bxd2 Nxd2+ 35. Kc2 Nc4 36. Re1 Rc6 37. Nf4 b5 38. Nxd5 bxa4 39. Nb4+
1-0

[Event "EUROPA CUP 2010"]
[Site "SchemingMind.com"]
[Date "2010.05.17"]
[Round "-"]
[White "PeterLiberty"]
[Black "rodert48"]
[Result "0-1"]
[WhiteCountry "USA"]
[BlackCountry "POL"]
[WhiteElo "1471"]
[WhiteRD "57"]
[BlackElo "1888"]
[BlackRD "112"]
[GameID "249075"]

1. e4 e6 2. d4 d5 3. Nd2 c5 4. exd5 exd5 5. Ngf3 Nc6 6. Bb5 Qb6 7. Qe2+ Be7 8. dxc5 Qc7 9. O-O Nf6 10. Nb3 O-O
11. Bg5 Bg4 12. Qe3 Rfe8 13. Ne5 a6 14. Bxc6 bxc6 15. Bxf6 Bxf6 16. f4 Bf5 17. c3 Be7 18. c4 f6 19. Nf3 dxc4 20. Nbd2 Bd3
21. Rfe1 Bf8 22. Qd4 Rad8 23. Rxe8 Rxd4 24. Nxd4 Qd7 25. Rxf8+ Kxf8 26. N2f3 Qd5 27. Re1 Qxc5 28. Kh1 Qb6 29. Ne6+ Kg8 30. Nfd4 Qxb2
31. Nc5 Qxd4 32. Ne6 Qb2 33. Nc5 Kf7 34. a4 Qf2 35. Rg1 Qxc5 36. Re1 Qf2 37. a5 Qxe1#
0-1

[Event "EUROPA CUP 2010"]
[Site "SchemingMind.com"]
[Date "2010.05.21"]
[Round "-"]
[White "Ulrich Klapp"]
[Black "reo"]
[Result "0-1"]
[WhiteCountry "GER"]
[BlackCountry "THA"]
[WhiteElo "1402"]
[WhiteRD "113"]
[BlackElo "1804"]
[BlackRD "81"]
[GameID "249077"]

1. d4 d5 2. c4 dxc4 3. e3 e5 4. Bxc4 exd4 5. exd4 Nf6 6. Nf3 g6 7. Be3 Bg7 8. O-O O-O 9. Re1 Ne4 10. Nc3 Nd6
11. Qd3 Nc6 12. Bg5 Bf5 13. Qe2 Nxd4 14. Nxd4 Qxg5 15. Nxf5 Nxf5 16. Rad1 Nd4 17. Qe4 Nc6 18. Qd5 Qf6 19. Ne4 Qf4 20. g3 Qg4
21. Be2 Qc8 22. Rd2 Rd8 23. Qg5 Nd4 24. Rc1 Nxe2+ 25. Rxe2 b6 26. Rd2 Rxd2 27. Qxd2 Qe6 28. Qe3 Qxa2 29. Rxc7 Qxb2 30. Nd6 Qf6
31. Nxf7 Rf8 32. Ng5 Qa1+ 33. Qc1 Qxc1+ 34. Rxc1 Re8 35. Kf1 a5 36. Rc7 a4 37. Ra7 b5 38. Nf3 Bb2 39. Rb7 a3 40. Ra7 b4
41. Nd2 Bc3 42. Nb3 Re1+ 43. Kg2 Rb1 44. Ra8+ Kg7 45. Nc5 Rb2 46. Na4 Rc2 47. Nxc3 Rxc3 48. Ra7+ Kh6 49. f4 Rc2+ 50. Kh3 a2
0-1

[Event "EUROPA CUP 2010"]
[Site "SchemingMind.com"]
[Date "2010.05.18"]
[Round "-"]
[White "Lars"]
[Black "chessleon"]
[Result "1-0"]
[WhiteCountry "SWE"]
[BlackCountry "NED"]
[WhiteElo "1577"]
[WhiteRD "68"]
[BlackElo "1492"]
[BlackRD "77"]
[GameID "249078"]

1. e4 e5 2. Nf3 Nf6 3. Nc3 Nc6 4. d4 exd4 5. Nxd4 Bc5 6. Be3 Nxd4 7. Bxd4 Qe7 8. Qd3 a6 9. O-O-O b5 10. f4 Bb7
11. Bxf6 gxf6 12. g4 b4 13. Nd5 Bxd5 14. exd5 O-O 15. h4 Be3+ 16. Kb1 Bxf4 17. g5 Qe3 18. Qd4 Qxd4 19. Rxd4 Be5 20. Re4 c5
21. dxc6 dxc6 22. Bg2 Rac8 23. gxf6 Bxf6 24. Rxb4 Rfe8 25. Rb6 Kg7 26. Rxa6 c5 27. a3 Re2 28. Rg1 Rb8 29. Bf3+ Kh6 30. Rxf6#
1-0

[Event "EUROPA CUP 2010"]
[Site "SchemingMind.com"]
[Date "2010.07.08"]
[Round "-"]
[White "Zeidan"]
[Black "Orange Lion"]
[Result "0-1"]
[WhiteCountry "LBN"]
[BlackCountry "NED"]
[WhiteElo "2036"]
[WhiteRD "70"]
[BlackElo "2393"]
[BlackRD "70"]
[GameID "254077"]

1. e4 e6 2. d4 d5 3. Nc3 Bb4 4. e5 c5 5. a3 Bxc3+ 6. bxc3 Ne7 7. Qg4 O-O 8. Bd3 Nbc6 9. Qh5 Ng6 10. Nf3 Qc7
11. Be3 c4 12. Bxg6 fxg6 13. Qg4 Qa5 14. Bd2 Bd7 15. h4 Qa4 16. Ra2 Rf5 17. O-O Raf8 18. Ng5 b6 19. Qh3 Re8 20. g4 Rff8
21. h5 gxh5 22. Qxh5 h6 23. Nh3 Ne7 24. g5 g6 25. Qxh6 Rf7 26. Qh4 Rh7 27. Qg4 Kf7 28. Nf4 Reh8 29. Qg2 Nf5 30. Rb1 Qa6
31. Raa1 Ba4 32. Ra2 Qb7 33. Rb4 Qc6 34. Rab2 Nxd4 35. cxd4 c3
0-1

[Event "EUROPA CUP 2010"]
[Site "SchemingMind.com"]
[Date "2010.07.08"]
[Round "-"]
[White "Orange Lion"]
[Black "Zeidan"]
[Result "1/2-1/2"]
[WhiteCountry "NED"]
[BlackCountry "LBN"]
[WhiteElo "2412"]
[WhiteRD "73"]
[BlackElo "2067"]
[BlackRD "71"]
[GameID "254082"]

1. e4 Nc6 2. d4 d5 3. e5 Bf5 4. Nf3 Qd7 5. c3 e6 6. Bd3 Nge7 7. Bg5 Bxd3 8. Qxd3 h6 9. Bxe7 Bxe7 10. O-O O-O-O
11. b4 f5 12. exf6 gxf6 13. b5 Na5 14. Nbd2 h5 15. Rfe1 Bd6 16. Re2 Rde8 17. c4 c6 18. Rae1 cxb5 19. cxd5 exd5 20. Rxe8+ Rxe8
21. Rxe8+ Qxe8 22. Qf5+ Qd7 23. Qxf6 Nc4 24. Qh8+ Kc7 25. Qxh5 a5 26. h4 a4 27. Qg6 b4 28. g3 Nxd2 29. Nxd2 Qc6 30. Kg2 b3
31. axb3 a3 32. Qb1 Bb4 33. Qa2 Qc1 34. Nb1 Kd6 35. h5 Ke7 36. Qe2+ Kf8 37. Nxa3 Bxa3 38. Qf3+ Kg7 39. Qxd5 Qc6 40. Qf3 Bd6
41. g4 Qd7 42. d5 Qe7 43. Qf5 Qf6 44. Qxf6+ Kxf6 45. Kf3 Ke5 46. h6 Kxd5 47. g5 Ke6 48. Kg4 Be5 49. f4 Bc3 50. f5+ Kf7
51. Kf3 b5 52. Kg4 b4 53. Kh5 Be5 54. f6 Kg8 55. Kg6 Bf4 56. f7+ Kf8 57. Kf6 Be3 58. h7 Bd4+ 59. Ke6 Bh8 60. g6 Bc3
61. Kd5 Ke7 62. Kc4 Kf8 63. h8=Q+=
1/2-1/2

[Event "EUROPA CUP 2010"]
[Site "SchemingMind.com"]
[Date "2010.07.15"]
[Round "-"]
[White "Heidi"]
[Black "fouche"]
[Result "0-1"]
[WhiteCountry "USA"]
[BlackCountry "COL"]
[WhiteElo "1041"]
[WhiteRD "71"]
[BlackElo "1709"]
[BlackRD "72"]
[GameID "254617"]

1. e4 e5 2. Nc3 d6 3. Bb5+ Nc6 4. Bxc6+ bxc6 5. d3 Nf6 6. Nf3 Be7 7. O-O Bg4 8. h3 Bh5 9. Qe1 Bxf3 10. gxf3 Rb8
11. Qe3 Qd7 12. f4 O-O 13. f5 Rfe8 14. Kg2 d5 15. f3 d4 16. Qd2 Bb4 17. Qe2 dxc3 18. bxc3 Bxc3 19. Ba3 Bxa1 20. Rxa1 Qd4
21. Rg1 Nh5 22. Re1 Nf4+ 23. Kf1 Nxe2 24. Kxe2 Qc3 25. Bc1 Qxc2+ 26. Ke3 Rb1 27. Bd2 Rxe1+ 28. Bxe1 Rd8
0-1

[Event "EUROPA CUP 2010"]
[Site "SchemingMind.com"]
[Date "2010.07.15"]
[Round "-"]
[White "fouche"]
[Black "Heidi"]
[Result "1-0"]
[WhiteCountry "COL"]
[BlackCountry "USA"]
[WhiteElo "1709"]
[WhiteRD "72"]
[BlackElo "1041"]
[BlackRD "71"]
[GameID "254621"]

1. d4 g6 2. Nf3 Bg7 3. e3 Nf6 4. Bd3 d6 5. O-O O-O 6. Re1 c5 7. c4 cxd4 8. exd4 e5 9. Nc3 a6 10. Bg5 Qd7
11. d5 Qg4 12. Qd2 Qh5 13. Ne4 Ng4 14. h3 Nf6 15. Bxf6 Bh6 16. Neg5 Nd7 17. g4 Qh4 18. Nxh4 Nxf6 19. f4 exf4 20. Qxf4 Kg7
21. Re7 Bd7 22. Rae1 Rfe8 23. Rxf7+ Kg8 24. Rxe8+ Rxe8 25. Qxf6 Bg7 26. Qxg7#
1-0

[Event "EUROPA CUP 2010"]
[Site "SchemingMind.com"]
[Date "2010.08.02"]
[Round "-"]
[White "Hussar"]
[Black "Lars"]
[Result "0-1"]
[WhiteCountry "POL"]
[BlackCountry "SWE"]
[WhiteElo "1409"]
[WhiteRD "79"]
[BlackElo "1583"]
[BlackRD "69"]
[GameID "255981"]

1. e4 e5 2. Nf3 Nc6 3. Bc4 Nf6 4. d3 d5 5. exd5 Nxd5 6. Bd2 Be6 7. Bxd5 Qxd5 8. O-O O-O-O 9. h3 f5 10. Nc3 Qd6
11. Re1 Be7 12. Nb5 Qc5 13. c4 Rxd3 14. Rc1 Rhd8 15. Qc2 e4 16. Ng5 Rxd2 17. Qc3 Qxf2+ 18. Kh1 Qxg2#
0-1

[Event "EUROPA CUP 2010"]
[Site "SchemingMind.com"]
[Date "2010.08.02"]
[Round "-"]
[White "Lars"]
[Black "Hussar"]
[Result "1-0"]
[WhiteCountry "SWE"]
[BlackCountry "POL"]
[WhiteElo "1589"]
[WhiteRD "75"]
[BlackElo "1400"]
[BlackRD "84"]
[GameID "255983"]

1. f4 d5 2. Nf3 Bf5 3. e3 e6 4. c4 dxc4 5. Bxc4 Nc6 6. Nc3 Nf6 7. Qb3 Bd6 8. Qxb7 Na5 9. Qb5+ c6 10. Qa4 O-O
11. O-O Nxc4 12. Qxc4 a5 13. Qxc6 h6 14. Nh4 Rc8 15. Qb5 Be7 16. Nxf5 exf5 17. Qxf5 Bb4 18. a3 Bxc3 19. bxc3 Qc7 20. Rb1 Rb8
21. Bb2 Qd8 22. d4 Re8 23. Rfe1 Ne4 24. Ba1 Qe7 25. c4 Nd2 26. Rxb8 Rxb8 27. Qxa5 Rb1 28. Qxd2 Rxe1+ 29. Qxe1 Qxa3 30. c5 f5
31. c6 Qa4 32. c7 Qc2 33. Qc3 Qd1+ 34. Kf2
1-0

[Event "EUROPA CUP 2010"]
[Site "SchemingMind.com"]
[Date "2010.08.25"]
[Round "-"]
[White "Clive Everill"]
[Black "capablanca"]
[Result "1-0"]
[WhiteCountry "CZE"]
[BlackCountry "GER"]
[WhiteElo "1649"]
[WhiteRD "50"]
[BlackElo "1685"]
[BlackRD "59"]
[GameID "258466"]

1. e4 e5 2. Nc3 Nc6 3. f4 exf4 4. Nf3 g6 5. d4 Bg7 6. Bxf4 d6 7. h3 Nf6 8. Bc4 O-O 9. Qd2 Nh5 10. Bh2 a6
11. a3 Be6 12. Be2 Ne7 13. O-O b5 14. Rad1 Nf6 15. Bd3 Bc4 16. e5 Bxd3 17. exf6 Bxf6 18. Qxd3 c5 19. dxc5 dxc5 20. Qe4 Qb6
21. Rd6
1-0

[Event "EUROPA CUP 2010"]
[Site "SchemingMind.com"]
[Date "2010.08.26"]
[Round "-"]
[White "capablanca"]
[Black "Clive Everill"]
[Result "1/2-1/2"]
[WhiteCountry "GER"]
[BlackCountry "CZE"]
[WhiteElo "1685"]
[WhiteRD "59"]
[BlackElo "1649"]
[BlackRD "50"]
[GameID "258474"]

1. c4 e5 2. Nc3 Bb4 3. g3 f5 4. Bg2 Nf6 5. d3 O-O 6. Qb3 Bxc3+ 7. Qxc3 d6 8. Bg5 h6 9. Bxf6 Qxf6 10. Qb3 c6
11. e3 Na6 12. Ne2 Nc5 13. Qc2 e4 14. d4 Nd3+ 15. Kf1 b6 16. a3 a5 17. Nc1 Nxc1 18. Rxc1 Ba6 19. Kg1 c5 20. dxc5 dxc5
21. Bf1 Qg5 22. Kg2 Bb7 23. Be2 f4 24. Bd1 fxe3 25. fxe3 Qxe3 26. Bg4 Qd3 27. Be6+ Kh8 28. Bd5 Bxd5 29. Qxd3 exd3+ 30. cxd5 Rad8
31. Rhd1 Rxd5 32. Rc3 Rfd8 33. Kf3 b5 34. Ke3 Re8+ 35. Kf3 b4 36. axb4 axb4 37. Rcxd3 Rxd3+ 38. Rxd3 Rc8 39. Ke4 c4 40. Rd1 Re8+
41. Kf3 c3 42. bxc3 bxc3 43. Rc1 Rc8=
1/2-1/2

[Event "EUROPA CUP 2010"]
[Site "SchemingMind.com"]
[Date "2010.08.28"]
[Round "-"]
[White "reo"]
[Black "swarupsawant"]
[Result "0-1"]
[WhiteCountry "THA"]
[BlackCountry "IND"]
[WhiteElo "1787"]
[WhiteRD "83"]
[BlackElo "1775"]
[BlackRD "75"]
[GameID "258694"]

1. e4 e5 2. Nf3 Nc6 3. Bb5 d6 4. d4 Bd7 5. O-O a6 6. Bxc6 Bxc6 7. d5 Bb5 8. Re1 Be7 9. Nc3 Nf6 10. a4 Bd7
11. a5 O-O 12. b4 Bg4 13. Na4 Qd7 14. c4 b5 15. axb6 Rab8 16. c5 dxc5 17. bxc5 cxb6 18. Nxb6 Qb7 19. Be3 Nxe4 20. c6 Qc7
21. Nd7 Bxd7 22. cxd7 Qxd7 23. Nxe5 Qf5 24. Nc6 Rbe8 25. Nxe7+ Rxe7 26. Rxa6 Nc3 27. Qb3 Nxd5 28. Ra5 Rd7 29. Rd1 Nxe3 30. fxe3 Rxd1+
31. Qxd1 Qxa5
0-1